000 00736nam a2200253 i 4500
001 C2-0302246
003 PPAK
005 20180728083325.0
008 100118s2001 caua|||| ||||| | eng d
020 _a0152024859
040 _aPPAK
_beng
_cPPAK
_erda
082 0 4 _a823
_223
090 0 0 _a823
_bHAL
_dLCK
100 1 _aHale, bruce,
_eauthor
245 1 4 _aThe chameleon wore chartreuse
_bNo case too small...no snack too big
264 1 _aSan Diego, California :
_bHarcourt ,
_c2001
300 _a97 pages :
_billustrations ;
_c19 cm
336 _2rdacontent
_atext
337 _2rdamedia
_aunmediated
338 _2rdacarrier
_avolume
490 1 _aa chet gecko mystery.
830 0 _aa chet gecko mystery.
942 _ddc
_cB
999 _c105917
_d105917